Rita e o guarda-chuva (Registo nº 4595)

Detalhes MARC
000 -Etiqueta do registo
Cabeçalho 00607nam0a2200217 4500
005 - Identificador da versão
Campo de controlo 20240813122106.0
100 ## - Dados gerais de processamento
Dados gerais de processamento 20170303d1978 de y0pory5003 ba
102 ## - Pais de publicação ou produção
País de publicação Portugal
101 1# - Língua de publicação
Língua do texto, banda sonora, etc. Português
Língua do documento no original Francês
215 ## - Descrição física 
Indicação específica da natureza do documento e extensão da espécie [24] p.
Outras indicações físicas il. color
200 1# - Titulo e menção de responsabilidade
Título próprio Rita e o guarda-chuva
Primeira menção de responsabilidade Domitille de Préssensé
225 1# - Colecção 
Título próprio da colecção Rita
Indicação de volume 6
210 ## - Publicação, Distribuição, etc. 
Lugar da edição, distribuição, etc. Lisboa
Nome do editor, distribuidor, etc. Verbo
Data da publicação, distribuição, etc. cop. 1976
Data da impressão imp. 1978
606 ## - Nome comum usado como assunto
Número de registo de entrada de autoridade 0001419
Palavra de ordem Literatura francesa
Subdivisão de assunto Conto
Código do sistema CA
675 ## - Classificação Decimal Universal (CDU)
Notação 821.133.1-34
Edição 3ª ed.
Língua da edição por
700 #1 - Nome de autor-pessoa física (responsabilidade principal)
Número de registo de entrada de autoridade 0001730
Palavra de ordem Préssensé
Outra parte do nome não tomada para palavra de ordem Domitille de
966 ## - Identificação da Biblioteca
Sigla EBVEN
942 ## - Elementos de entrada adicionados (Koha)
Tipo de item no Koha Livro
Exemplares
Situação do levantamento Origin of item (home branch) (coded) Biblioteca de empréstimo Código de barras Cota Circulation type (not for loan) Tipo de documento Nota do exemplar Damaged status
  Biblioteca Escolar das Vendas Biblioteca Escolar das Vendas BEV141 8EST PRE   Livro Sem mensagem